[Event "World Rapid 2025"]
[Site "Doha QAT"]
[Date "2025.12.26"]
[Round "4.94"]
[White "Khubukshanov, Erdem"]
[Black "Murzin, Volodar"]
[Result "1-0"]
[WhiteTitle "IM"]
[BlackTitle "GM"]
[WhiteElo "2502"]
[BlackElo "2648"]
[WhiteFideId "54114527"]
[BlackFideId "44155573"]
[EventDate "2025.12.26"]
[EventType "rapid"]

1. e4 c5 2. Nf3 d6 3. d4 cxd4 4. Nxd4 Nf6 5. Nc3 a6 6. Bd3 e5 7. Nde2 Nc6 8. O-O
Be6 9. Kh1 Be7 10. f4 exf4 11. Nxf4 Ne5 12. Be3 O-O 13. a4 Rc8 14. Bd4 Nfd7 15.
Ncd5 Bg5 16. a5 Re8 17. Ra3 Nc6 18. Bc3 Nce5 19. Be2 Nc5 20. Qd4 Bh6 21. Nb6 Rb8
22. Nxe6 Nxe6 23. Qf2 Ng5 24. Ra4 Nd7 25. Bh5 Kh8 26. e5 Nxe5 27. Rh4 Re6 28.
Qg3 Rf6 29. Rd1 Qe8 30. Nd5 Rf5 31. Ne3 Rf6 32. Nd5 Rf5 33. h3 Ne6 34. Be2 Rd8
35. b4 Rg5 36. Qf2 Rc8 37. Bf1 Rg6 38. Ba1 Ng5 39. Nb6 Rd8 40. Nd5 Rc8 41. c4
Re6 42. Qg3 f5 43. Nc3 Ngf7 44. Nd5 Qa4 45. Re1 Qc2 46. c5 dxc5 47. Bxe5 Rce8
48. Rxh6 Rxe5 49. Rxe5 Rxe5 50. Rd6 f4 51. Qxf4 Qf5 52. Rb6 Rxd5 53. Qxf5 Rxf5
54. Bxa6 cxb4 55. Rxb7 g6 56. Bd3 Rd5 57. a6 Rxd3 58. a7 1-0

[Event "World Rapid 2025"]
[Site "Doha QAT"]
[Date "2025.12.26"]
[Round "4.95"]
[White "Salem, A.R. Saleh"]
[Black "Klukin, Kirill"]
[Result "1-0"]
[WhiteTitle "GM"]
[BlackTitle "IM"]
[WhiteElo "2635"]
[BlackElo "2414"]
[WhiteFideId "9301348"]
[BlackFideId "24199273"]
[EventDate "2025.12.26"]
[EventType "rapid"]

1. d4 d5 2. c4 e6 3. Nc3 Nf6 4. cxd5 exd5 5. Bg5 c6 6. e3 Be6 7. Bd3 Nbd7 8. h3
Be7 9. Bf4 g6 10. Nf3 Nh5 11. Bh6 Bf8 12. Bxf8 Kxf8 13. Qd2 Ng7 14. O-O Bf5 15.
e4 dxe4 16. Nxe4 Bxe4 17. Bxe4 Nf6 18. Bc2 Qd6 19. Ne5 Rd8 20. Qf4 Ngh5 21. Qh6+
Kg8 22. g4 Ng7 23. Qf4 Qe7 24. Bb3 Nd5 25. Qh6 Ne6 26. Rae1 Qf8 27. Qd2 Nef4 28.
Bxd5 Nxd5 29. f4 Qb4 30. Qf2 Kg7 31. f5 f6 32. Nd3 Qb6 33. Nc5 Rde8 34. Ne6+ Kf7
35. Qh4 Rxe6 36. fxe6+ Kg7 37. g5 f5 38. Qh6+ Kg8 39. e7 Qxd4+ 40. Rf2 Kf7 41.
Qxh7+ Rxh7 42. e8=Q+ 1-0

[Event "World Rapid 2025"]
[Site "Doha QAT"]
[Date "2025.12.26"]
[Round "4.96"]
[White "Sadhwani, Raunak"]
[Black "Suyarov, Mukhammadzokhid"]
[Result "1-0"]
[WhiteTitle "GM"]
[BlackTitle "IM"]
[WhiteElo "2638"]
[BlackElo "2454"]
[WhiteFideId "35093487"]
[BlackFideId "14210495"]
[EventDate "2025.12.26"]
[EventType "rapid"]

1. e4 e5 2. Nf3 Nf6 3. d3 Nc6 4. g3 d5 5. exd5 Qxd5 6. Bg2 Bb4+ 7. c3 Be7 8. O-O
Bg4 9. h3 Bxf3 10. Qxf3 Qxf3 11. Bxf3 O-O-O 12. Be2 a5 13. Nd2 Nd7 14. Rd1 f5
15. Kg2 g6 16. h4 h5 17. Nf3 Nc5 18. Nxe5 Nxe5 19. d4 Ng4 20. f3 Na4 21. fxg4
hxg4 22. Bc4 Rdf8 23. Rf1 Nb6 24. Be6+ Kd8 25. Bd2 Bf6 26. c4 Re8 27. Rfe1 Rh7
28. Rac1 Rhe7 29. d5 Bxb2 30. Rc2 Bf6 31. Bxa5 Nd7 32. Bb4 Rh7 33. Rce2 b6 34.
Re3 Be7 35. Bxd7 Kxd7 36. R1e2 Rf7 37. Re6 Rh7 38. a4 Rf7 39. c5 bxc5 40. Bxc5
Rh7 41. a5 Bxc5 42. Rxe8 f4 43. gxf4 Rxh4 44. R8e6 Bd6 45. a6 Rh3 46. R6e3 Rh8
47. Re8 1-0

[Event "World Rapid 2025"]
[Site "Doha QAT"]
[Date "2025.12.26"]
[Round "4.97"]
[White "Grebnev, Aleksey"]
[Black "Ezat, Mohamed"]
[Result "1/2-1/2"]
[WhiteTitle "GM"]
[BlackTitle "IM"]
[WhiteElo "2632"]
[BlackElo "2294"]
[WhiteFideId "34189030"]
[BlackFideId "10600906"]
[EventDate "2025.12.26"]
[EventType "rapid"]

1. e4 c6 2. Nf3 d5 3. Nc3 Bg4 4. h3 Bh5 5. exd5 cxd5 6. g4 Bg6 7. Ne5 Nc6 8. Bb5
Rc8 9. d4 e6 10. h4 f6 11. h5 Bxc2 12. Bxc6+ bxc6 13. Qxc2 fxe5 14. dxe5 Bb4 15.
a3 Qa5 16. Rb1 Be7 17. b4 Qc7 18. Qe2 Nh6 19. O-O O-O 20. Na4 Rf7 21. Bd2 Rcf8
22. f3 Qd8 23. Kg2 Bg5 24. Nc5 Bxd2 25. Nxe6 Qe7 26. Nxf8 Bf4 27. Nxh7 Qh4 28.
Kg1 Be3+ 29. Kg2 Bf4 30. Kg1 Be3+ 31. Kg2 Bf4 32. Kg1 1/2-1/2

[Event "World Rapid 2025"]
[Site "Doha QAT"]
[Date "2025.12.26"]
[Round "4.98"]
[White "Tran, Thanh Tu"]
[Black "Murshed, Niaz"]
[Result "1-0"]
[WhiteTitle "IM"]
[BlackTitle "GM"]
[WhiteElo "2402"]
[BlackElo "2341"]
[WhiteFideId "12401404"]
[BlackFideId "10200010"]
[EventDate "2025.12.26"]
[EventType "rapid"]

1. d4 Nf6 2. Nf3 d5 3. c3 Bf5 4. Qb3 Qc8 5. c4 e6 6. Nc3 c6 7. Bg5 Nbd7 8. cxd5
exd5 9. Rc1 Be7 10. h3 O-O 11. g4 Be6 12. Bg2 Re8 13. O-O Bd6 14. Nh4 Qb8 15.
Bd2 Nf8 16. f4 Ne4 17. Nxe4 dxe4 18. Qc2 Bd5 19. Nf5 e3 20. Bxe3 Bxg2 21. Kxg2
g6 22. Nxd6 Qxd6 23. Rf3 Nd7 24. Bf2 Qd5 25. Qb3 Rxe2 26. Qxb7 Rb8 27. Qxc6 Qxc6
28. Rxc6 Rbxb2 29. a3 Nb6 30. Kg3 Nd5 31. Rd6 Rb5 32. f5 g5 33. h4 gxh4+ 34.
Kxh4 h6 35. Rxh6 Kg7 36. Rd6 Nf6 37. Bg3 Ne4 38. Rd7 Rb1 39. g5 Nxg3 40. Kxg3
Rg1+ 41. Kf4 Kf8 42. Rxa7 Reg2 43. Ke5 Kg7 44. g6 1-0

[Event "World Rapid 2025"]
[Site "Doha QAT"]
[Date "2025.12.26"]
[Round "4.99"]
[White "Oro, Faustino"]
[Black "Fandi, Mazen"]
[Result "1-0"]
[WhiteTitle "IM"]
[BlackTitle "FM"]
[WhiteElo "2503"]
[BlackElo "2304"]
[WhiteFideId "20000197"]
[BlackFideId "7611625"]
[EventDate "2025.12.26"]
[EventType "rapid"]

1. e4 c6 2. d4 d5 3. e5 Bf5 4. Nf3 e6 5. Be2 Nd7 6. O-O Ne7 7. c3 Qc7 8. Re1 h6
9. a4 g5 10. Nbd2 Bg7 11. Nf1 O-O-O 12. Ng3 Bg6 13. Bd3 c5 14. b3 Kb8 15. Ba3
Bf8 16. a5 a6 17. b4 c4 18. b5 Ka8 19. Bd6 Qc8 20. Bc2 axb5 21. Ne2 Bxc2 22.
Qxc2 Nc6 23. Bxf8 Rdxf8 24. Rab1 Na7 25. Qd2 Qd8 26. Qe3 Qxa5 27. Nd2 Kb8 28.
Ra1 Qb6 29. Nb1 Nc6 30. Na3 b4 31. cxb4 Kc7 32. Nc3 Kd8 33. Nab5 Ke7 34. Rab1
Rhg8 35. Kh1 Rg6 36. f4 gxf4 37. Qxf4 Rfg8 38. Rf1 R8g7 39. Qh4+ Kf8 40. Ra1 Kg8
41. g3 Kh7 42. Rf4 Nxb4 43. Raf1 Kg8 44. Nd6 Nd3 45. Rxf7 Qa5 46. Rxg7+ Rxg7 47.
Qxh6 Qxc3 48. Qxe6+ Kh7 49. Nf7 Qd2 50. Qh3+ Kg6 51. Nh8+ Kg5 52. Qh4# 1-0

[Event "World Rapid 2025"]
[Site "Doha QAT"]
[Date "2025.12.26"]
[Round "4.100"]
[White "George Samir, David"]
[Black "Mitrabha, Guha"]
[Result "0-1"]
[WhiteTitle "IM"]
[BlackTitle "GM"]
[WhiteElo "2343"]
[BlackElo "2508"]
[WhiteFideId "10657789"]
[BlackFideId "5057000"]
[EventDate "2025.12.26"]
[EventType "rapid"]

1. e4 c6 2. d4 d5 3. e5 Bf5 4. h4 h6 5. g4 Bd7 6. Nc3 e6 7. Be3 Qc7 8. Nf3 a6 9.
Qd2 c5 10. dxc5 Bxc5 11. Bxc5 Qxc5 12. O-O-O Ne7 13. Bd3 Nbc6 14. g5 h5 15. g6
fxg6 16. Rhg1 Rf8 17. Bxg6+ Nxg6 18. Ne4 Qb4 19. Nd6+ Kd8 20. c3 Qf4 21. Rxg6
Qxd2+ 22. Nxd2 Nxe5 23. Rxg7 Kc7 24. N2c4 dxc4 25. Nxc4 Rf7 26. Rxf7 Nxf7 27.
Rg1 b5 28. Ne3 Rf8 29. c4 Ne5 30. cxb5 Bxb5 31. Rg7+ Kd6 32. Kd2 Rxf2+ 33. Kc3
Rf3 34. Kd4 Rf4+ 35. Kc3 Rxh4 36. Nc2 Rh3+ 37. Kd2 Nc4+ 38. Ke1 Rh1+ 0-1

[Event "World Rapid 2025"]
[Site "Doha QAT"]
[Date "2025.12.26"]
[Round "4.101"]
[White "Bharath, Subramaniyam H"]
[Black "Musovic, Armin"]
[Result "1-0"]
[WhiteTitle "GM"]
[BlackTitle "FM"]
[WhiteElo "2576"]
[BlackElo "2190"]
[WhiteFideId "46634827"]
[BlackFideId "939935"]
[EventDate "2025.12.26"]
[EventType "rapid"]

1. e4 c6 2. d4 d5 3. e5 c5 4. dxc5 Nc6 5. f4 Nh6 6. Nf3 Bg4 7. Be3 d4 8. Bf2 e6
9. Nbd2 Bxc5 10. Bd3 Bb4 11. Be2 Qa5 12. a3 Be7 13. Nxd4 Nxd4 14. Bxd4 Qd5 15.
Nf3 Qe4 16. O-O O-O-O 17. c3 Nf5 18. Bd3 Nxd4 19. Bxe4 Nxf3+ 20. Bxf3 Rxd1 21.
Raxd1 Bf5 22. Bxb7+ Kc7 23. Bf3 h5 24. b4 g5 25. Rd4 gxf4 26. Rfd1 Rd8 27. Bxh5
Rxd4 28. Rxd4 f6 29. exf6 Bxf6 30. Rxf4 Kd6 31. c4 Bb2 32. Rf3 Be4 33. Rh3 Ke5
34. c5 Kd4 35. Bf3 Bf5 36. g4 Bd3 37. c6 Ba6 38. c7 Ke5 39. b5 Bd4+ 40. Kg2 1-0

[Event "World Rapid 2025"]
[Site "Doha QAT"]
[Date "2025.12.26"]
[Round "4.102"]
[White "Nurgaliyev, Sauat"]
[Black "Peyrer, Konstantin"]
[Result "0-1"]
[WhiteTitle "IM"]
[BlackTitle "IM"]
[WhiteElo "2437"]
[BlackElo "2496"]
[WhiteFideId "13726285"]
[BlackFideId "1640879"]
[EventDate "2025.12.26"]
[EventType "rapid"]

1. e4 e5 2. Nf3 Nc6 3. Bb5 a6 4. Ba4 Nf6 5. O-O d6 6. Re1 Bd7 7. c4 Nd4 8. Bxd7+
Qxd7 9. d3 Nxf3+ 10. Qxf3 Qg4 11. Qe3 Nh5 12. h3 Qg6 13. d4 Be7 14. dxe5 dxe5
15. Qb3 O-O 16. Nc3 Bc5 17. Be3 Nf4 18. Bxf4 exf4 19. Nd5 Qg3 20. Qf3 Qxf3 21.
gxf3 c6 22. Nxf4 Rad8 23. Rad1 Bb4 24. Rxd8 Rxd8 25. Re2 f6 26. Rc2 Kf7 27. a3
Rd1+ 28. Kg2 Bd6 29. Ne2 g5 30. Nc3 Rd3 31. Ne2 Be5 32. Nc1 Rd1 33. b4 Ke7 34.
Nb3 b6 35. c5 b5 36. Ra2 Rb1 37. Na5 Kd7 38. Rd2+ Kc7 39. Rd3 Rc1 40. a4 bxa4
41. Ra3 Ra1 42. Rd3 a3 43. Nb3 Rb1 44. f4 gxf4 45. Nd4 Bxd4 46. Rxa3 Rb2 47.
Rxa6 Rxf2+ 48. Kh1 0-1

[Event "World Rapid 2025"]
[Site "Doha QAT"]
[Date "2025.12.26"]
[Round "4.103"]
[White "Stefansson, Vignir Vatnar"]
[Black "Harikrishnan, A. Ra"]
[Result "1/2-1/2"]
[WhiteTitle "GM"]
[BlackTitle "GM"]
[WhiteElo "2519"]
[BlackElo "2531"]
[WhiteFideId "2308649"]
[BlackFideId "5081483"]
[EventDate "2025.12.26"]
[EventType "rapid"]

1. d4 d5 2. c4 c6 3. cxd5 cxd5 4. Bf4 Nc6 5. e3 Nf6 6. Nc3 a6 7. Be2 Bf5 8. Nf3
e6 9. Qb3 Nh5 10. Bg5 f6 11. Bh4 Nb4 12. Rc1 g5 13. Bg3 Nxg3 14. hxg3 h6 15. O-O
Nc6 16. Na4 Na5 17. Qd1 Nc4 18. Bd3 Bxd3 19. Qxd3 Kf7 20. b3 Nd6 21. Rc2 g4 22.
Nd2 f5 23. Rfc1 Be7 24. Rc7 Rc8 25. Qc2 Rxc7 26. Qxc7 Qxc7 27. Rxc7 Rc8 28. Rxc8
Nxc8 29. Nb2 Na7 30. Kf1 Nc6 31. Ke2 Nb4 32. a4 h5 33. Nb1 h4 34. gxh4 Bxh4 35.
g3 Bd8 36. Nc3 Ba5 37. Kd1 Ke7 38. Ne2 Kd6 39. Nf4 Na2 40. Nbd3 Nc3+ 41. Kc2 Ne4
42. Kd1 Nc3+ 43. Kc2 Ne4 44. Kd1 1/2-1/2

[Event "World Rapid 2025"]
[Site "Doha QAT"]
[Date "2025.12.26"]
[Round "4.104"]
[White "Tissir, Mohamed"]
[Black "Gholami Orimi, Mahdi"]
[Result "0-1"]
[WhiteTitle "IM"]
[BlackTitle "GM"]
[WhiteElo "2293"]
[BlackElo "2515"]
[WhiteFideId "9000240"]
[BlackFideId "12558486"]
[EventDate "2025.12.26"]
[EventType "rapid"]

1. e4 e5 2. Nf3 Nc6 3. Bc4 Nf6 4. d3 h6 5. c3 d6 6. Bb3 g5 7. Na3 Bg7 8. Nc4 g4
9. Nfd2 d5 10. Ne3 d4 11. Nd5 Nxd5 12. Bxd5 Ne7 13. Bc4 c6 14. a4 Ng6 15. g3 h5
16. O-O h4 17. Qe2 Qe7 18. a5 Bd7 19. cxd4 exd4 20. b4 Ne5 21. Rb1 Bh6 22. f4
gxf3 23. Nxf3 Bg4 24. Bxh6 Bxf3 25. Rxf3 Nxf3+ 26. Qxf3 Rxh6 27. Rf1 O-O-O 28.
g4 Rf8 29. b5 cxb5 30. Bxb5 Qe5 31. Bc4 Kb8 32. Bd5 f6 33. Rb1 Rh7 34. a6 b6 35.
Qf2 h3 36. Kh1 Rc8 37. Qd2 Rc3 0-1

[Event "World Rapid 2025"]
[Site "Doha QAT"]
[Date "2025.12.26"]
[Round "4.105"]
[White "Medhus, Vitus Bondo"]
[Black "Bilguun, Sumiya"]
[Result "0-1"]
[WhiteTitle "FM"]
[BlackTitle "GM"]
[WhiteElo "2387"]
[BlackElo "2442"]
[WhiteFideId "1462547"]
[BlackFideId "4901541"]
[EventDate "2025.12.26"]
[EventType "rapid"]

1. e4 c5 2. Nc3 a6 3. f4 Nc6 4. Nf3 g6 5. d4 cxd4 6. Nxd4 Bg7 7. Be3 d6 8. Be2
Nf6 9. O-O O-O 10. Kh1 Bd7 11. a4 Rc8 12. Qd2 Nxd4 13. Bxd4 Bc6 14. Qe3 Qa5 15.
Ra3 Nd7 16. Bxg7 Kxg7 17. Bd3 Qc5 18. Qh3 Nf6 19. Qg3 Rcd8 20. Qf2 Ng4 21. Qe2
h5 22. a5 Qe3 23. Qxe3 Nxe3 24. Re1 Ng4 25. Kg1 e5 26. h3 Nf6 27. fxe5 dxe5 28.
Rb3 Rd4 29. Ra1 Rfd8 30. Ne2 R4d6 31. Rb4 h4 32. Kf2 Rxd3 33. cxd3 Rxd3 34. Nc3
Rd2+ 35. Kf3 Nh5 36. Rd1 Rc2 37. Ne2 Bb5 38. Nc3 Bc6 39. Ne2 f5 40. Ke3 Kh6 41.
exf5 gxf5 42. Rc1 Rxc1 43. Nxc1 f4+ 44. Kf2 e4 45. Ne2 Kg5 46. Rc4 e3+ 47. Kg1
Bb5 48. Rc5+ Kg6 49. Nc3 Bc6 50. b4 Ng3 51. b5 axb5 52. Rxc6+ bxc6 53. a6 b4 54.
a7 bxc3 55. a8=Q Ne2+ 56. Kf1 Nd4 57. Qe8+ Kf5 58. Qd7+ Ke4 59. Qh7+ Kd5 60.
Qg8+ Ke5 61. Qg7+ Ke4 62. Qe7+ Kd3 63. Qh7+ Kd2 64. Qe4 c5 65. Qb1 e2+ 66. Kf2
Nc2 67. g4 fxg3+ 68. Kf3 e1=Q 69. Qb7 0-1

[Event "World Rapid 2025"]
[Site "Doha QAT"]
[Date "2025.12.26"]
[Round "4.106"]
[White "Isanzhulov, Arystan"]
[Black "Smirnov, Mark"]
[Result "1-0"]
[WhiteTitle "IM"]
[BlackTitle "FM"]
[WhiteElo "2419"]
[BlackElo "2420"]
[WhiteFideId "13711644"]
[BlackFideId "13764594"]
[EventDate "2025.12.26"]
[EventType "rapid"]

1. Nf3 d5 2. e3 Nf6 3. c4 e6 4. b3 Bd6 5. Bb2 O-O 6. g3 Nbd7 7. Bg2 c6 8. O-O e5
9. d3 Qe7 10. Nh4 g6 11. Nc3 d4 12. exd4 exd4 13. Ne2 c5 14. b4 Ne5 15. Re1 Bg4
16. h3 Bxe2 17. Qxe2 Rfe8 18. Nf3 Qd7 19. Qd1 Nc6 20. b5 Ne5 21. Nxe5 Bxe5 22.
Qf3 Qd6 23. Qxb7 Bxg3 24. fxg3 Qxg3 25. Rf1 Qe3+ 26. Kh2 Qe5+ 27. Kg1 Qe3+ 28.
Rf2 Rab8 29. Qf3 Nh5 30. Qxf7+ Kh8 31. Bc1 Qxd3 32. Bg5 h6 33. Bxh6 1-0

[Event "World Rapid 2025"]
[Site "Doha QAT"]
[Date "2025.12.26"]
[Round "4.107"]
[White "Assylov, Miras"]
[Black "Xiao, Tong(QD)"]
[Result "0-1"]
[WhiteTitle "FM"]
[BlackTitle "GM"]
[WhiteElo "2393"]
[BlackElo "2555"]
[WhiteFideId "13728873"]
[BlackFideId "8622388"]
[EventDate "2025.12.26"]
[EventType "rapid"]

1. e4 c5 2. Nf3 d6 3. d4 cxd4 4. Nxd4 Nf6 5. Nc3 a6 6. Be2 e5 7. Nb3 Be7 8. O-O
O-O 9. Re1 Qc7 10. a4 Be6 11. Bf3 Nbd7 12. Be3 Rfc8 13. a5 h6 14. h3 b5 15. axb6
Nxb6 16. Na5 Rab8 17. Nd5 Bxd5 18. exd5 Nc4 19. Nc6 Nxe3 20. Rxe3 Rxb2 21. Rxa6
Bf8 22. Rb3 Rxb3 23. cxb3 Re8 24. b4 e4 25. Be2 e3 26. fxe3 Rxe3 27. Bc4 Qc8 28.
Ra1 Qe8 29. Qc2 g6 30. b5 Nd7 31. Rf1 Bg7 32. Qf2 Nb6 33. Rc1 Kh7 34. Kh1 f5 35.
Bf1 Qe4 36. Kg1 Nxd5 37. Rd1 f4 38. Qd2 Nc3 39. Bd3 Qe6 40. Rc1 Rxd3 41. Qxd3
Ne2+ 42. Kf1 Nxc1 43. Qc2 Qe3 44. b6 Nd3 45. Qe2 Qc1+ 0-1

[Event "World Rapid 2025"]
[Site "Doha QAT"]
[Date "2025.12.26"]
[Round "4.108"]
[White "Lobanov, Sergei"]
[Black "Kuandykuly, Danis"]
[Result "0-1"]
[WhiteTitle "GM"]
[BlackTitle "FM"]
[WhiteElo "2527"]
[BlackElo "2372"]
[WhiteFideId "24183750"]
[BlackFideId "13752260"]
[EventDate "2025.12.26"]
[EventType "rapid"]

1. d4 Nf6 2. c4 e6 3. Nc3 Bb4 4. e3 b6 5. Ne2 Ba6 6. Ng3 O-O 7. Bd3 d5 8. cxd5
Nxd5 9. Ne2 Bxd3 10. Qxd3 c5 11. O-O cxd4 12. Nxd5 Qxd5 13. e4 Qb7 14. Nxd4 Rd8
15. Bg5 Rd7 16. Qc4 Qxe4 17. Qc8+ Bf8 18. Nf3 Qb7 19. Rac1 Na6 20. Qxb7 Rxb7 21.
Rfd1 f6 22. Be3 Nb4 23. a3 Nd5 24. Rc6 Nxe3 25. fxe3 Kf7 26. Kf2 e5 27. Ke2 Ke8
28. Rdc1 Bc5 29. b4 Kd7 30. b5 a6 31. Rd1+ Ke7 32. a4 axb5 33. axb5 Ra5 34. Nd2
Ra2 0-1

[Event "World Rapid 2025"]
[Site "Doha QAT"]
[Date "2025.12.26"]
[Round "4.109"]
[White "Suleimen, Ergali"]
[Black "Halkias, Stelios"]
[Result "1-0"]
[WhiteTitle "IM"]
[BlackTitle "GM"]
[WhiteElo "2419"]
[BlackElo "2503"]
[WhiteFideId "13724452"]
[BlackFideId "4201809"]
[EventDate "2025.12.26"]
[EventType "rapid"]

1. e4 c5 2. Nf3 Nc6 3. d4 cxd4 4. Nxd4 e5 5. Nb5 d6 6. c4 Nf6 7. N1c3 a6 8. Na3
Be6 9. Be2 g6 10. O-O Bg7 11. Nc2 Rc8 12. Be3 O-O 13. f3 Nh5 14. Qd2 Nf4 15.
Rfd1 f5 16. Bf1 Qh4 17. Kh1 Qh5 18. Qxd6 Rfd8 19. Qa3 g5 20. exf5 Bxf5 21. g4
Bxg4 22. fxg4 Qxg4 23. Bxf4 exf4 24. Nd5 f3 25. Nce3 Qh5 26. Nf5 Be5 27. h3 g4
28. Nde7+ Kh8 29. Nxc8 Rxc8 30. Ne3 g3 31. Ng4 Rg8 32. Qxf3 Qg5 33. Bg2 Bxb2 34.
Rab1 Be5 35. Rxb7 h5 36. Nxe5 Nxe5 37. Qe4 Rg7 38. Rxg7 Kxg7 39. h4 Qf6 40. Rf1 1-0

[Event "World Rapid 2025"]
[Site "Doha QAT"]
[Date "2025.12.26"]
[Round "4.110"]
[White "Chasin, Nico"]
[Black "Dinham, James"]
[Result "1-0"]
[WhiteTitle "IM"]
[WhiteElo "2517"]
[BlackElo "2091"]
[WhiteFideId "30908477"]
[BlackFideId "14327023"]
[EventDate "2025.12.26"]
[EventType "rapid"]

1. e4 c5 2. Nf3 d6 3. d4 cxd4 4. Nxd4 Nf6 5. Nc3 a6 6. Be2 e6 7. g4 h6 8. f4
Nfd7 9. Be3 Be7 10. O-O b5 11. a3 Bb7 12. Bf3 Nc6 13. Bg2 O-O 14. h4 Nxd4 15.
Qxd4 e5 16. Qd2 exf4 17. Bxf4 Ne5 18. g5 hxg5 19. hxg5 Nc4 20. Qc1 Qb6+ 21. Kh1
g6 22. b3 Ne5 23. Qd2 Kg7 24. Qf2 Rh8+ 25. Kg1 Bd8 26. Be3 Qc7 27. Ne2 Rc8 28.
Rac1 Kg8 29. Qg3 Qd7 30. Rcd1 Qg4 31. Rxd6 Qxg3 32. Nxg3 Bc7 33. Rfd1 Bxd6 34.
Rxd6 Kh7 35. Bd4 Rhe8 36. c3 Kg8 37. Kf2 Rc6 38. Rxc6 Nxc6 39. Ke3 Na5 40. b4
Nc4+ 41. Kf4 Nxa3 42. Nf1 Nc4 43. Nh2 Nd2 44. Ng4 Nxe4 45. Be5 Nd6 46. Nf6+ 1-0

[Event "World Rapid 2025"]
[Site "Doha QAT"]
[Date "2025.12.26"]
[Round "4.111"]
[White "Ibrahimli, Murad"]
[Black "Al Mashikhi, Salim Aliyan"]
[Result "1-0"]
[WhiteTitle "IM"]
[BlackTitle "FM"]
[WhiteElo "2438"]
[BlackElo "1952"]
[WhiteFideId "13410229"]
[BlackFideId "22000046"]
[EventDate "2025.12.26"]
[EventType "rapid"]

1. d4 d5 2. c4 c6 3. Nf3 Nf6 4. Nc3 Bg4 5. Ne5 e6 6. f3 Bf5 7. g4 Bg6 8. h4 h6
9. Nxg6 fxg6 10. Qd3 Kf7 11. e4 dxe4 12. Nxe4 Bb4+ 13. Bd2 Bxd2+ 14. Nxd2 Na6
15. Qc3 Qc7 16. O-O-O Rad8 17. Kb1 c5 18. dxc5 Nxc5 19. Be2 Qf4 20. Nb3 Nxb3 21.
Qxb3 Qc7 22. c5 Nd5 23. Rc1 Rd7 24. Bb5 Re7 25. Bd3 Rd8 26. a3 Nf4 27. Be4 Rdd7
28. Qc2 Qe5 29. Ka2 Rd4 30. Rcd1 Rxd1 31. Rxd1 Rc7 32. Rc1 Qf6 33. Qd2 e5 34. g5
Qe6+ 35. Ka1 h5 36. Bb1 Ke7 37. Ba2 Qd7 38. Qe3 Qd4 39. Qb3 Rd7 40. Qg8 Nd3 41.
Rb1 Nxc5 42. Qxg7+ Kd8 43. Qxg6 b5 44. Qf6+ 1-0

[Event "World Rapid 2025"]
[Site "Doha QAT"]
[Date "2025.12.26"]
[Round "4.112"]
[White "Ammar, Sedrani"]
[Black "Rakotomaharo, Fy Antenaina"]
[Result "0-1"]
[WhiteTitle "FM"]
[BlackTitle "IM"]
[WhiteElo "2203"]
[BlackElo "2434"]
[WhiteFideId "9312331"]
[BlackFideId "13100050"]
[EventDate "2025.12.26"]
[EventType "rapid"]

1. d4 d5 2. c4 e6 3. Nc3 Bb4 4. cxd5 exd5 5. Nf3 Nf6 6. Bg5 h6 7. Bxf6 Qxf6 8.
Qa4+ Nc6 9. e3 O-O 10. Be2 Rd8 11. O-O Bf8 12. Rfc1 Ne7 13. b4 Ng6 14. Qb3 c6
15. b5 h5 16. bxc6 bxc6 17. Na4 Bd6 18. Rc3 Rb8 19. Qd1 h4 20. h3 Ne7 21. Nc5
Bc7 22. Rac1 Qd6 23. Qa4 a5 24. Ba6 Rb4 25. Qd1 Rb2 26. Bxc8 Rxc8 27. R3c2 Rxc2
28. Qxc2 Ng6 29. Qf5 Re8 30. Rb1 Ne7 31. Qg4 Rb8 32. Rxb8+ Bxb8 33. Qxh4 Ba7 34.
Ng5 Qg6 35. Nd7 f6 36. Ne6 Kf7 37. Nf4 Qb1+ 38. Kh2 Ke8 39. Nc5 Bxc5 40. dxc5
Qxa2 41. Qh5+ Kd7 42. Qg4+ Ke8 43. Qh5+ Kd7 44. Qg4+ Ke8 45. Qxg7 Qxf2 46. Nh5
Qxe3 47. Nxf6+ Kd8 48. Qf8+ Kc7 49. Ne8+ Kd7 50. Nf6+ Ke6 51. Ng4 Qxc5 52. h4
Qd4 53. Qh6+ Kd7 54. Nf6+ Kc7 55. g3 Qf2+ 56. Kh3 Qxg3+ 57. Kxg3 Nf5+ 58. Kf4
Nxh6 59. Kg5 a4 60. Kxh6 a3 61. h5 a2 62. Kg7 a1=Q 63. h6 Qg1+ 64. Kf7 Qh2 65.
h7 0-1

[Event "World Rapid 2025"]
[Site "Doha QAT"]
[Date "2025.12.26"]
[Round "4.113"]
[White "Damaj, Mohammed"]
[Black "Ohanyan, Emin"]
[Result "1/2-1/2"]
[WhiteTitle "CM"]
[BlackTitle "GM"]
[WhiteElo "2119"]
[BlackElo "2493"]
[WhiteFideId "11501731"]
[BlackFideId "13312022"]
[EventDate "2025.12.26"]
[EventType "rapid"]

1. d4 d5 2. Bf4 c5 3. e3 Nc6 4. Nf3 Nf6 5. Nbd2 cxd4 6. exd4 Bf5 7. c3 e6 8. Qb3
Bd6 9. Bxd6 Qxd6 10. Be2 O-O 11. a4 Ne4 12. Nxe4 Bxe4 13. O-O b6 14. Qd1 Rac8
15. Nd2 Bg6 16. Nb3 a5 17. Bd3 Ne7 18. Bxg6 hxg6 19. Nc1 g5 20. Nd3 Ng6 21. Qg4
Nf4 22. Nxf4 Qxf4 23. Qxf4 gxf4 24. g3 g6 25. gxf4 Kg7 26. Kg2 Rb8 27. Rfb1 Rh8
28. Ra3 Rh4 29. Kg3 Rbh8 30. Rh1 Rh3+ 31. Kg2 Rd3 32. Rb3 Rh4 33. h3 Rxf4 34.
Rxb6 g5 35. Re1 Rd2 36. Rf1 Re4 37. Kf3 g4+ 38. Kg3 gxh3 39. Kxh3 Ree2 40. b4
Rd3+ 41. Kg2 Rxc3 42. bxa5 Ra2 43. Rfb1 Rxa4 44. a6 Rca3 45. Rd1 Kf6 46. Rd2 Kf5
47. f3 Kf4 48. Rb7 Ke3 49. Rdb2 Ra2 50. Rxa2 Rxa2+ 51. Kg3 Rxa6 52. Rxf7 Kxd4
53. Kf2 e5 54. Re7 Ra2+ 55. Ke1 Rh2 56. Re8 Rh7 57. Ke2 Rh5 58. Re7 Kc5 59. Re8
Kd6 60. Rd8+ Ke6 61. Re8+ Kd7 62. Ra8 Rh1 63. Ra5 Ke6 64. Ra8 Rb1 65. Re8+ Kf6
66. Rd8 Rb5 67. Ke3 Ke7 68. Ra8 Rb3+ 69. Ke2 Rc3 70. Ra7+ Ke6 71. Ra8 d4 72. Rd8
Rc2+ 73. Kd3 Rc3+ 74. Ke2 Rc2+ 75. Kd3 Rf2 76. Rf8 Ke7 77. Rf5 Ke6 78. Rf8 Rf1
79. Ke2 Ra1 80. Kd3 Ra3+ 81. Ke2 Re3+ 82. Kd2 Ke7 83. Rf5 Kd6 84. Rf8 Ke6 85.
Kd1 Ra3 86. Kd2 Ra7 87. Kd3 Ke7 88. Rf5 Ra3+ 89. Kd2 Kd6 90. Rf8 Rc3 91. Rf6+
Kd5 92. Rf5 Kd6 93. Rf6+ Ke7 94. Rf5 Ke6 95. Rf8 Re3 96. Kd1 Kd5 97. Kd2 Kc5 98.
Rc8+ Kb4 99. Rb8+ Kc4 100. Rc8+ Kd5 101. Rd8+ Kc6 102. f4 Kc5 103. fxe5 Rxe5
104. Kd3 Re3+ 105. Kd2 Rh3 106. Rc8+ Kd5 107. Rd8+ Ke5 108. Re8+ Kf4 109. Rf8+
Ke4 1/2-1/2